00423pab a2200133 454500008004000000100001600040245012200056260000900178300001500187362000800202650001100210650003400221773003400255180718b2009 xxu||||| |||| 00| 0 eng d aAkhup, Alex aInterface between state, voluntary organisations and tribes: a perspective towards tribe-centred social work practice c2009 ap.597-615. aOct atribes aNongovernmental organizations aIndian Journal of Social Work